| 000 | 00582nam a22002057a 4500 | ||
|---|---|---|---|
| 999 |
_c6483 _d6483 |
||
| 003 | OSt | ||
| 005 | 20200128104641.0 | ||
| 008 | 200128b ||||| |||| 00| 0 eng d | ||
| 020 | _a068480073x | ||
| 040 | _c040a | ||
| 082 |
_a371.822 _bSAD 1994 |
||
| 100 |
_aSadker, Myra _94647 |
||
| 245 |
_aFailing at fair : _bhow schools cheat girls / _cMyra Sadker, David Sadker |
||
| 260 |
_aNew York _bTouchstone _c1994 |
||
| 300 |
_axiv, 347p; _c16 cm. |
||
| 504 | _aIncludes bibliographical references | ||
| 650 | _2Girl Education | ||
| 700 |
_aSadker, David _94645 |
||
| 942 |
_2ddc _cO_SHELF |
||